000 00705nam a2200229 a 4500
001 46514
003 BD-RjUL
005 20211209054149.0
008 160802s1947 ii b 001 0 eng d
035 _a(BD-RjUL)46633
040 _aNZOC
_beng
_cNZOC
_dNZOC
_dBD-RjUL
041 _aeng
082 _223
_a342.54
_bBAI 1947
100 _aBanerjee, A.C.
_9141910
245 1 0 _aIndian constitutional documents /
_c A.C Banerjee
250 _aRev. 3rd ed.
260 _aCalcutta :
_bA. Mukherjee,
_c1947
300 _axxiv, 368p. ;
_c23 cm.
505 0 _aVol.1. 1757-1858 -- v.2. 1858-1917 -- v.3. 1917-1935 --v. 4. 1935-1947.
651 0 _aIndia
_xConstitutional history
_xSources.
_9140661
942 _2ddc
_cBK
999 _c46514
_d46514